Les Pays les plus meurtriers du monde. - Statistiques

Statistiques générales
  • Ce quiz a été pris 138 fois
  • Le résultat moyen est 4 sur 15
Statistiques - réponses
Réponse Taux (pour 100 000hab.) % Correct
Mexique 25,2
81%
Colombie 25,5
78%
Venezuela 40,4
57%
Honduras 35,8
40%
Afrique du Sud 46,6
30%
Jamaïque 52,9
25%
Belize 25,1
21%
Trinité-et-Tobago 39,4
8%
Saint-Christophe-et-Niévès 34,2
6%
Bahamas 32,1
5%
Sainte-Lucie 39,1
5%
Saint-Vincent-et-les-Grenadines 30,7
5%
Dominique 21,1
3%
Eswatini 33,8
3%
Lesotho 41,3
3%
Aucun quiz correspondant
Distribution des résultats
% des personnes avec chaque résultat
Percentile par nombre de réponses
Votre historique - résultats
Vous n’avez pas pris ce quiz